U.S. States with the Least Amount of Trees - Statistics

General Stats
  • This quiz has been taken 56 times
  • The average score is 8 of 10
Answer Stats
% of Tree Cover U.S. State % Correct
15.9% Nevada
96%
3.2% Nebraska
94%
4.8% Kansas
92%
25.6% Arizona
90%
1.7% North Dakota
88%
3.9% South Dakota
86%
8.4% Iowa
84%
18.4% Wyoming
78%
21.1% Indiana
65%
13.6% Illinois
61%
No matching quizzes found
Score Distribution
Percent of People with Each Score
Percentile by Number Answered
Your Score History
You have not taken this quiz